000 00416nam a2200205Ia 4500
001 003093
003 YMCAF
005 20230512160205.0
008 100717s1966 ||||||||||||||||| ||und|d
024 _a3093
035 _a3069
040 _aYMCAF
_beng
_cIN-KoLT
041 _aeng
082 _aTEL-AMO
100 _aAMOS S.W.
245 0 _aTELEVISION ENGG.
260 _c1966
300 _a0
942 _2ddc
_cBK
999 _c2390
_d2390